header

As big as the West (Record no. 11552)

MARC details
000 -LEADER
fixed length control field 01636nam a2200409Ia 4500
100 1# - MAIN ENTRY--AUTHOR NAME
Personal name Milner, Clyde A.,
245 10 - TITLE STATEMENT
Title As big as the West
260 ## - PUBLICATION, DISTRIBUTION, ETC. (IMPRINT)
Place of publication Oxford ;
-- New York :
Name of publisher Oxford University Press,
Year of publication 2009.
300 ## - PHYSICAL DESCRIPTION
Number of Pages xvi, 430 p. :
Other physical details ill., maps.
650 #0 - SUBJECT ADDED ENTRY--TOPICAL TERM
Topical Term Pioneers
Topical Term Frontier and pioneer life
Topical Term Ranchers
Topical Term Ranch life
Topical Term Gold miners
Topical Term Politicians
700 1# - ADDED ENTRY--PERSONAL NAME
Personal name O'Connor, Carol A.,
856 40 - ELECTRONIC LOCATION AND ACCESS
Uniform Resource Identifier http://site.ebrary.com/lib/rucke/Doc?id=10263688

No items available.

© 2026 Rongo University
Contact us: librarian | system librarian | Rongo university